Logistics in the Conditions of the Slovak Republic

Logistika a logistické centrá v podmienkach Slovenska. Vytvorenie všeobecného teoretického základu zameraného na logistické centrá a ich význam v distribučnej politike.

Na minha lista:
Detalhes bibliográficos
Autor principal: Vernerová, Dominika, 1994-
Outros Autores: Čvirik, Marián, 1992-
Formato: Capítulo de Livro
Idioma:inglês
Assuntos:
Tags: Adicionar Tag
Sem tags, seja o primeiro a adicionar uma tag!

MARC

LEADER 00000naa a2200000 4500
001 0280375
005 20240502074343.0
041 0 |a eng 
044 |a SK 
245 1 0 |a Logistics in the Conditions of the Slovak Republic  |c Dominika Vernerová, Marián Čvirik 
520 |a Logistika a logistické centrá v podmienkach Slovenska. Vytvorenie všeobecného teoretického základu zameraného na logistické centrá a ich význam v distribučnej politike. 
610 2 0 |a logistika 
610 2 0 |a centrá logistické 
610 2 0 |a Slovensko 
100 1 |a Vernerová, Dominika, 1994- 
700 1 |a Čvirik, Marián, 1992-